| 000 | 01023nam a22001937a 4500 | ||
|---|---|---|---|
| 005 | 20241004133728.0 | ||
| 008 | 241004b ||||| |||| 00| 0 eng d | ||
| 040 | _cSSBUL | ||
| 041 | _aMyanmar | ||
| 082 |
_223 _a၂၉၄.၃၀၉၂ ကျေ် _b၁၃၁၈၈ S-SAT |
||
| 100 | 0 |
_aကျော်သိန်း _954871 |
|
| 245 | 1 | 0 |
_aမိုးကုတ်ဆရာတော်ဘုရားကြီး၏ ထေရုပ္ပတ္တိနှင့်ကျင့်စဉ် / _bကျော်သိန်း။ |
| 250 | _aတတိယအကြိမ်။ | ||
| 260 |
_aမန္တလေး ၊ _bတက်နေလင်း စာအုပ်ထုတ်ဝေရေးဌာန၊ _cခုနှစ်မပါ။ |
||
| 300 |
_aတ၊ ၅၄၄ စာမျက်နှာ ၊ _c၁၉ စင်တီ။ |
||
| 500 | _aS-SAT: Prof. Dr. Sai Aung Tun | ||
| 650 |
_aမိုးကုတ်ဆရာတော်ဘုရားကြီး _xထေရုပ္ပတ္တိ _954872 |
||
| 942 |
_2ddc _cBK1 |
||
| 999 |
_c40919 _d40919 |
||